000
00216nam a22000857a 4500
008
160718b xxu||||| |||| 00| 0 eng d
100
_9
3002
_a
Parker, S
245
_a
Seashore
260
_a
New York
_b
Dorling Kindersley
_c
2000
999
_c
2565
_d
2565